| 000 | 00525nam a2200181Ia 4500 | ||
|---|---|---|---|
| 001 | 16926 | ||
| 005 | 20260306170347.0 | ||
| 008 | 260306t2017||||xx |||||||||||||| ||und|| | ||
| 041 | _aESP | ||
| 082 |
_a657.3 _bL54 |
||
| 100 |
_aLev, Baruch _eAUT |
||
| 245 | 0 |
_aEl final de la contabilidad: _bla contabilidad actual está muriendo. cómo informar de lo que realmente importa a accionistas y directivos |
|
| 260 | _c2017 | ||
| 300 |
_a351 páginas _c23 cm. |
||
| 650 | _aGEN | ||
| 654 | _aCCO | ||
| 942 |
_cLIB _dJUS _fJUS _2ddc _n |
||
| 999 |
_c16926 _d16926 |
||